000 00516nam a2200205Ia 4500
003 OSt
005 20230511144218.0
008 210423s1973 xx 000 0 und d
040 _cAL
041 _aeng
082 _a340
_223
_bSBCK
245 _aKarnataka panchyat raj rules
260 _aKottaym
_bOxford University Press
_c1973
300 _a228
_bPB
365 _b95
_cINR
650 _aLaw
_9103329
650 _aSocial Sciences
_9103330
906 _aKarnataka ; panchyat ; raj ; rules
942 _2ddc
_cBK
999 _c171996
_d171996